Krize, které nepředcházela drahá ropa

Hospodárska kríza a ropa ako dôležitý prvok globálnej ekonomiky. Prierez dejinami hospodárskych kríz spojených s ropou. Prepad ekonomiky vplyvom pandémie Covid-19.

Salvato in:
Dettagli Bibliografici
Autore principale: Dytrych, Simon
Natura: Capitolo di libro
Lingua:ceco
Soggetti:
Tags: Aggiungi Tag
Nessun Tag, puoi essere il primo ad aggiungerne!!

MARC

LEADER 00000naa a2200000 4500
001 0268747
005 20201007081011.7
041 0 |a cze 
044 |a CZ 
245 1 0 |a Krize, které nepředcházela drahá ropa  |c Simon Dytrych 
520 |a Hospodárska kríza a ropa ako dôležitý prvok globálnej ekonomiky. Prierez dejinami hospodárskych kríz spojených s ropou. Prepad ekonomiky vplyvom pandémie Covid-19. 
610 2 0 |a kríza hospodárska 
610 2 0 |a recesia 
610 2 0 |a ropa 
610 2 0 |a kríza finančná 
100 1 |a Dytrych, Simon